वसंतलावण्य- वसंत पवार (Record no. 394200)

MARC details
000 -LEADER
fixed length control field 00489nam a2200157Ia 4500
008 - FIXED-LENGTH DATA ELEMENTS--GENERAL INFORMATION
fixed length control field 100122s9999 xx 000 0 und d
082 ## - DEWEY DECIMAL CLASSIFICATION NUMBER
Item number 77208
Classification number 927.8124
100 ## - MAIN ENTRY--PERSONAL NAME
Personal name पोतदार मधू
245 ## - TITLE STATEMENT
Title वसंतलावण्य- वसंत पवार
250 ## - EDITION STATEMENT
Edition statement 1
260 ## - PUBLICATION, DISTRIBUTION, ETC. (IMPRINT)
Date of publication, distribution, etc 2009
300 ## - PHYSICAL DESCRIPTION
Extent 274
630 ## - SUBJECT ADDED ENTRY--UNIFORM TITLE
Uniform title वसंतलावण्य- वसंत पवार
730 ## - ADDED ENTRY--UNIFORM TITLE
Uniform title वसंतलावण्य- वसंत पवार
942 ## - ADDED ENTRY ELEMENTS (KOHA)
Koha item type Book
Holdings
Withdrawn status Lost status Damaged status Not for loan Home library Current library Date acquired Cost, normal purchase price Total Checkouts Full call number Barcode Date last seen Cost, replacement price Price effective from Koha item type Public note
        S.V. Pathak Library, Vile Parle S.V. Pathak Library, Vile Parle 09/19/2009 300.00   77208 SVPPARLE-77208 01/25/2010 300.00 01/25/2010 Book ", , ,"